000 01131nam a2200325 a 4500
999 _c28748
_d28719
001 3438906
003 EG-ScBUE
005 20200920100248.0
008 910423r20011991at a f b 001 0 eng d
020 _a0201182408
020 _a9780201182408
040 _aDLC
_beng
_erda
_cDLC
_dEG-ScBUE
082 0 4 _a629.892
_bMCK
_222
100 1 _aMcKerrow, Phillip,
_d1949-
_eauthor.
245 1 0 _aIntroduction to robotics /
_cPhillip John McKerrow, University of Wollongong, Australia.
250 _aReprinted edition.
264 1 _aSydney :
_bAddison-Wesley Publishing Company,
_c2001.
300 _axvi, 811 pages :
_billustrations ;
_c24 cm.
336 _2rdacontent
_atext
_btxt
337 _2rdamedia
_aunmediated
_bn
338 _2rdacarrier
_avolume
_bnc
490 0 _aElectronic systems engineering series
504 _aIncludes bibliographical references and index.
650 7 _aRobotics.
_2BUEsh
653 _bGGEN
_cSeptember2020
655 _vReading book
_934232
906 _a7
_bcbc
_corignew
_d2
_encip
_f19
_gy-gencatlg
942 _2ddc
_cBB